Responses for Show #5728 - Wednesday, July 1, 2009

Contestants

[<< previous game]

Michael Huntington, a waiter from Kansas City, Missouri

Tiffiny Fisher, a data analyst from Beaverton, Oregon

Nina Ginocchio, a school librarian from Park Ridge, Illinois (whose 1-day cash winnings total $19,200)

[next game >>]

Jeopardy! Round responses

AMERICA THE BEAUTIFUL
(Alex: Yes, the song.)
MOVIE REMAKES
THIS, OR THAT
A WORLD OF MUSIC
I FEEL A BIT "ILL"
TAKE MY TEMPERATURE
    $200 1
shining sea

Michael
    $200 22
News

Tiffiny
    $200 17
a yarn

Michael
    $200 12
(Tiffiny: What is the flamenco?)

tango

TiffinyMichael
    $200 2
a still

Michael
    $200 15
the Sun

Michael
    $400 7
the fruited plain

Nina
    $400 23
Bride

Tiffiny
    $400 20
wrench

Nina
    $400 13
The King and I

Michael
    $400 3
a skillet

Nina
    $400 18
absolute zero

Michael
    $600 8
tears

Nina
    $600 24
Yuma

Tiffiny
    $600 21
a punk

Tiffiny
    $2,400 11
(Alex: Michael?)
(Michael: Uh, I can see her face. No.)
[Beep]
(Alex: You can see her beautiful face--)
(Michael: Yeah.)
(Alex: And her name--[*].)

CĂ©line Dion

Michael
    $600 4
a thrill

Nina
    $600 19
a cricket

Nina
    $800 9
law

Nina
    $800 25
Stood Still

Tiffiny
    $800 29
dunder

Nina
    $800 14
mariachi

Tiffiny
    $800 5
shrill

Nina
    $800 27
(Michael: Who is Fahrenheit?)

(Anders) Celsius

TiffinyMichael
    $1000 10
divine

Michael
    $1000 26
[Applause for Tiffiny's run of the category]

Heartbreak

Tiffiny
    $1000 30
Bilbo

Nina
    $1000 16
Yanni

Nina
    $1000 6
a billet

Michael
    $1000 28
combustion

Triple Stumper

Scores at the first commercial break (after clue 15):

Nina Tiffiny Michael
$3,600 $600 $800

Scores at the end of the Jeopardy! Round:

Nina Tiffiny Michael
$7,400 $5,000 $600

Double Jeopardy! Round responses

NEW CONGRESSMEN & GOVERNORS
INTERNATIONAL SPORTS STUFF
STOCK SYMBOL-IC
BANNED BOOKS
(Alex: Each correct response will be a book that, at some point, was banned right here in the United States.)
STARTS WITH 2 VOWELS
LEAVE BRITTANY ALONE!
    $400 22
Alaska

Michael
    $400 13
the marathon

Tiffiny
    $400 11
Sealy

Tiffiny
    $400 6
The Catcher in the Rye

Nina
    $400 1
an oasis

Nina
    $400 12
(Tiffiny: Who is Nero?)
(Nina: Who is Hannibal?)

Julius Caesar

NinaTiffiny
Triple Stumper
    $800 23
Virginia

Triple Stumper
    $800 14
(Michael: What is rice and [*]?)
(Alex: Ooh. No. Nina.)
(Nina: What is [*]?)
(Alex: [*] only. I don't believe rice is involved unless they're eating it before.)
[Laughter]

salt

NinaMichael
    $800 15
(Michael: What is Christie's?)

Sotheby's

NinaMichael
    $800 7
Little House on the Prairie

Michael
    $800 2
eider

Nina
    $800 27
Great Britain

Tiffiny
    $2,000 24
(Michael: What is Ohio?)

New Mexico (or Colorado)

Michael
    $1200 19
the discus

Michael
    $1200 16
Cheesecake Factory

Nina
    $1200 8
A Clockwork Orange

Nina
    $1200 3
an ion

Nina
    $1200 28
the Hundred Years' War

Tiffiny
    $1600 25
(Alex: Less than a minute now.)

New Hampshire

Nina
    $1600 20
Maria Sharapova

Tiffiny
    $1600 17
(Michael: What is Domino's?)

Papa John's Pizza

NinaMichael
    $1600 9
The Decameron

Triple Stumper
    $2,000 4
an aerialist

Nina
    $1600 29
(Tiffiny: Who is Charlemagne?)

Charles

Tiffiny
Triple Stumper
    $2000 26
North Carolina

Triple Stumper
    $2000 21
Kazakhstan

Michael
    $2000 18
(Michael: What is...)

Steinway

Michael
Triple Stumper
    $2000 10
Flowers for Algernon

Michael
    $2000 5
(Michael: What is a sousaphone?)
...
[Applause for Nina's run of the category]

a euphonium

NinaMichael
    $2000 30
a nuclear power plant

Michael

Scores at the end of the Double Jeopardy! Round:

Nina Tiffiny Michael
$21,000 $7,400 -$200
(lock game)

[wagering suggestions for these scores]

Final Jeopardy! Round responses

PHRASE ORIGINS
TiffinyWhat is the Big Apple?
$7,400
NinaWhat is The Big Apple?
$4,000
the Big Apple

Final scores:

Nina Tiffiny Michael
$25,000 $14,800 -$200
2-day champion: $44,200 2nd place: $2,000 3rd place: $1,000

Game dynamics:

Coryat scores:

Nina Tiffiny Michael
$20,600 $7,400 $4,200
23 R
(including 1 DD),
1 W
13 R,
3 W
15 R,
8 W
(including 2 DDs)

Combined Coryat: $32,200

[game clues] [game scores] [suggest correction]

Game tape date: 2009-03-24
The J! Archive is created by fans, for fans. Scraping, republication, monetization, and malicious use prohibited; this site may use cookies and collect identifying information. See terms. The Jeopardy! game show and all elements thereof, including but not limited to copyright and trademark thereto, are the property of Jeopardy Productions, Inc. and are protected under law. This website is not affiliated with, sponsored by, or operated by Jeopardy Productions, Inc. Join the discussion at JBoard.tv.